000 00278nam a2200121Ia 4500
008 220216s9999 xx 000 0 und d
100 _aBridge Ken
245 0 _aWeed control with safety
260 _bPlanter
_c1962
300 _a134-135
650 _aWeed control
942 _cJS
999 _c72342
_d72342